| 000 | 00379nam a2200157Ia 4500 | ||
|---|---|---|---|
| 008 | 230917s9999||||xx |||||||||||||| ||und|| | ||
| 040 |
_e148618 _aMAIN |
||
| 041 | _aEnglish | ||
| 082 | _a514 M522I | ||
| 100 | _aMenbelson, Bert | ||
| 245 | 0 | _aIntroduction to topology | |
| 250 | _a3rd ed. | ||
| 260 |
_aNew Delhi _bC B S Publishers _c1985 |
||
| 300 | _a2006 p. | ||
| 942 | _cBK | ||
| 999 |
_c101837 _d101837 |
||